Manual de geriatría. Una mirada práctica e interdisciplinaria.
Sparad:
| Huvudupphovsman: | |
|---|---|
| Övriga upphovsmän: | |
| Materialtyp: | Okänd |
| Språk: | engelska |
| Publicerad: |
Santiago, Chile:
Ediciones Universidad Católica de Chile,
2021.
|
| Serie: | Textos Universitarios.
|
| Ämnen: | |
| Taggar: |
Lägg till en tagg
Inga taggar, Lägg till första taggen!
|
MARC
| LEADER | 00000 a2200000 4500 | ||
|---|---|---|---|
| 003 | CL-VaPUC | ||
| 005 | 20240111104642.0 | ||
| 008 | 220504b2014 ||||| |||| 00| 0 eng d | ||
| 020 | |a 9789561428430 | ||
| 040 | |c Pontificia Universidad Católica de Valparaíso | ||
| 082 | |a 618.97 CAR 2021 | ||
| 100 | |a Carrasco Gorman, Marcela |9 865293 |e autora | ||
| 245 | |a Manual de geriatría. |b Una mirada práctica e interdisciplinaria. | ||
| 260 | |a Santiago, Chile: |b Ediciones Universidad Católica de Chile, |c 2021. | ||
| 300 | |a 588 páginas | ||
| 490 | |a Textos Universitarios. | ||
| 583 | |k Sebastián Perez |c 20220504 | ||
| 650 | 0 | |a Geriatría |9 309798 |x Manuales | |
| 700 | |a Born Guiresse, Marianne |e autora |9 869254 | ||
| 942 | |2 ddc |c BK | ||
| 999 | |c 434365 |d 434363 | ||
| 952 | |0 0 |1 0 |2 ddc |4 0 |6 618_970000000000000_CAR_2021 |7 0 |8 A |9 583089 |a BIBCUR |b BIBCUR |c GEN |d 2022-05-16 |e 21 |g 24300.00 |i 5651246 |o 618.97 CAR 2021 |p 5651246 |r 2025-04-22 |t 2 |v 24300.00 |w 2022-05-16 |y BK |k KIN | ||
| 952 | |0 0 |1 0 |2 ddc |4 0 |6 618_970000000000000_CAR_2021 |7 0 |8 A |9 583090 |a BIBCUR |b BIBCUR |c GEN |d 2022-05-16 |e 21 |g 24300.00 |i 5651245 |o 618.97 CAR 2021 |p 5651245 |r 2025-04-22 |t 1 |v 24300.00 |w 2022-05-16 |y BK |k KIN | ||
| 952 | |0 0 |1 0 |2 ddc |4 0 |6 618_970000000000000_CAR_2021 |7 0 |8 A |9 593263 |a BIBCUR |b BIBCUR |c GEN |d 2024-01-11 |e 3 |g 22356.00 |i 5660079 |o 618.97 CAR 2021 |p 5660079 |r 2025-04-22 |t 5 |v 22356.00 |w 2024-01-11 |y BK |k KIN | ||
| 952 | |0 0 |1 0 |2 ddc |4 0 |6 618_970000000000000_CAR_2021 |7 0 |8 A |9 593264 |a BIBCUR |b BIBCUR |c GEN |d 2024-01-11 |e 3 |g 22356.00 |i 5660078 |o 618.97 CAR 2021 |p 5660078 |r 2025-04-22 |t 4 |v 22356.00 |w 2024-01-11 |y BK |k KIN | ||
| 952 | |0 0 |1 0 |2 ddc |4 0 |6 618_970000000000000_CAR_2021 |7 0 |8 A |9 593265 |a BIBCUR |b BIBCUR |c GEN |d 2024-01-11 |e 3 |g 22356.00 |i 5660077 |o 618.97 CAR 2021 |p 5660077 |r 2025-04-22 |t 3 |v 22356.00 |w 2024-01-11 |y BK |k KIN | ||